000 00996nam a2200361 a 4500
003 AR-BaBNM
005 20251128204737.0
008 082120s2002 ||||||||||||||000 | spa||
020 _a84-268-0670-8
040 _cAR-BaBNM
100 1 _aPi Navarro, Vicente Emilio
245 0 0 _aRecursos didácticos en el área de lenguaje
_bjuegos gramaticales, pictogramas
260 _aAlcoy
_bMarfil
_c1991
300 _a196 p.
_bcuadros, il., diagr.
490 0 _aTemas básicos. Pedagogía
_vv. 17
500 _aContiene índice bibliográfico en pág. 195-196
650 4 _aDIDACTICA
650 4 _aLENGUAJE
650 4 _aSINTAXIS
650 4 _aMORFOLOGIA
650 4 _aCONCEPTUALIZACION
650 4 _aGRAMATICA
650 4 _aSEMANTICA
650 4 _aVOCABULARIO
650 4 _aCOMUNICACION
650 4 _aALUMNOS
650 4 _aJUEGOS EDUCATIVOS
650 4 _aANALISIS
653 _aVERBOS
700 1 _aPlá Girbés, María Dolores
_eilustrador
942 _cBK
998 _cGLORIA
999 _c8649
_d8649